000 00282 a2200109 4500
003 Nust
005 20170207154040.0
040 _cNust
245 _aSystem Administration Guide (E-BOOK)
_bBasic Administration
_cSunMicrosystems
260 _aSunMicrosystems, Inc.
_bUSA
_c2007
651 _aE-BOOK
942 _2ddc
_cBK
999 _c192559
_d192559